| 000 -CABECERA |
| campo de control de longitud fija |
01026nam a2200289 u 4500 |
| 001 - NÚMERO DE CONTROL |
| campo de control |
000054353 |
| 005 - FECHA Y HORA DE LA ÚLTIMA TRANSACCIÓN |
| campo de control |
20200120222831.0 |
| 008 - DATOS DE LONGITUD FIJA--INFORMACIÓN GENERAL |
| campo de control de longitud fija |
130522s2003 sp gr 000 0 spa d |
| 020 ## - NÚMERO INTERNACIONAL ESTÁNDAR DEL LIBRO |
| Número Internacional Estándar del Libro |
8467011092. |
| 041 0# - CÓDIGO DE LENGUA |
| Código de lengua del texto/banda sonora o título independiente |
/spa |
| 043 ## - CÓDIGO DE ÁREA GEOGRÁFICA |
| Código de área geográfica |
n-us--- |
| 082 04 - NÚMERO DE LA CLASIFICACIÓN DECIMAL DEWEY |
| Número de clasificación |
R 323.403 |
| Número de documento/Ítem |
V14 |
| Número de edición |
21 |
| 100 1# - ENTRADA PRINCIPAL--NOMBRE DE PERSONA |
| Nombre de persona |
Valencia Villa, Hernando, |
| Fechas asociadas al nombre |
1949- |
| 245 10 - MENCIÓN DE TÍTULO |
| Título |
Diccionario Espasa : |
| Resto del título |
derechos humanos / |
| Mención de responsabilidad, etc. |
Hernando Valencia Villa ; prólogo de Baltasar Garzón. |
| 250 ## - MENCIÓN DE EDICIÓN |
| Mención de edición |
1a. ed. |
| 260 ## - PUBLICACIÓN, DISTRIBUCIÓN, ETC. |
| Lugar de publicación, distribución, etc. |
Madrid : |
| Nombre del editor, distribuidor, etc. |
Espasa, |
| Fecha de publicación, distribución, etc. |
2003. |
| 300 ## - DESCRIPCIÓN FÍSICA |
| Extensión |
452 p. : |
| Otras características físicas |
fots., byn. |
| 490 0# - MENCIÓN DE SERIE |
| Mención de serie |
El Club Diógenes ; |
| Designación de volumen o secuencia |
45 |
| 500 ## - NOTA GENERAL |
| Nota general |
Ej.1 de Mosquera donado por la Biblioteca Nacional - PNLB 2012. |
| 500 ## - NOTA GENERAL |
| Nota general |
Un diccionario esencial para comprender el universo de los derechos humanos. |
| 504 ## - NOTA DE BIBLIOGRAFÍA, ETC. |
| Nota de bibliografía, etc. |
Incluye bibliografía |
| 650 17 - PUNTO DE ACCESO ADICIONAL DE MATERIA--TÉRMINO DE MATERIA |
| Término de materia o nombre geográfico como elemento de entrada |
Derechos humanos |
| Subdivisión de forma |
Diccionarios |
| Fuente del encabezamiento o término |
LEMB |
| 650 27 - PUNTO DE ACCESO ADICIONAL DE MATERIA--TÉRMINO DE MATERIA |
| Término de materia o nombre geográfico como elemento de entrada |
Derechos civiles |
| Subdivisión de forma |
Diccionarios |
| Fuente del encabezamiento o término |
LEMB. |
| 650 27 - PUNTO DE ACCESO ADICIONAL DE MATERIA--TÉRMINO DE MATERIA |
| Término de materia o nombre geográfico como elemento de entrada |
Libertades civiles |
| Subdivisión de forma |
Diccionarios |
| Fuente del encabezamiento o término |
LEMB |
| 650 27 - PUNTO DE ACCESO ADICIONAL DE MATERIA--TÉRMINO DE MATERIA |
| Término de materia o nombre geográfico como elemento de entrada |
Derechos humanos |
| Fuente del encabezamiento o término |
LEMB. |
| 700 1# - PUNTO DE ACCESO ADICIONAL--NOMBRE DE PERSONA |
| Nombre de persona |
Garzón, Baltazar, |
| Fechas asociadas al nombre |
1940- |